Statystyki dla Egzamin ósmoklasisty - przypadki

Kliknij tutaj aby rozwiązać quiz!

Ogólne statystyki

  • Ten quiz został rozwiązany 311 razy
    (297 od ostatniego zresetowania)
  • Średni wynik to 18 z 21

Statystyki odpowiedzi

PRZYPADEKOdpowiedź% Poprawnych
Mianownik (1 słowo)Masło
100%
Dopełniacz (1)Masła
95%
Wołacz (1)Masło
90%
Miejscownik (1)Maśle
88%
Biernik (1)Masło
88%
Narzędnik (1)Masłem
87%
Celownik (1)Masłu
87%
Mianownik (3 słowo)Pies
86%
Mianownik (2 słowo)Sen
86%
Dopełniacz (2)Snu
85%
Dopełniacz (3)Psa
84%
Narzędnik (3)Psem
82%
Narzędnik (2)Snem
82%
Miejscownik (3)Psie
81%
Celownik (3)Psu
81%
Biernik (2)Sen
81%
Miejscownik (2)Śnie
81%
Biernik (3)Psa
79%
Wołacz (3)Psie
79%
Wołacz (2)Śnie
78%
Celownik (2)Snowi
72%

Rozkład punktacji

Percentyl według liczby udzielonych odpowiedzi

Procent ludzi z każdym wynikiem

Twoja historia wyników

Nie rozwiązałeś tego quizu od ostatniego zresetowania